Qlik sense cookbook : (Registro nro. 40712)
[ vista simple ]
| 000 -LEADER | |
|---|---|
| fixed length control field | 01244cam a2200325 i 4500 |
| 001 - CONTROL NUMBER | |
| control field | 40712 |
| 003 - CONTROL NUMBER IDENTIFIER | |
| control field | Mx-PuUPA |
| 005 - DATE AND TIME OF LATEST TRANSACTION | |
| control field | 20221213094801.0 |
| 008 - FIXED-LENGTH DATA ELEMENTS--GENERAL INFORMATION | |
| fixed length control field | 140415s2018 enkad fr 001 0 eng d |
| 020 ## - INTERNATIONAL STANDARD BOOK NUMBER | |
| International Standard Book Number | 9781788997058 |
| 040 ## - CATALOGING SOURCE | |
| Original cataloging agency | Mx-PuUPA |
| Language of cataloging | spa |
| Transcribing agency | Mx-PuUPA |
| Modifying agency | Mx-PuUPA |
| Description conventions | rda |
| 041 0# - LANGUAGE CODE | |
| Language code of text/sound track or separate title | eng |
| 100 1# - MAIN ENTRY--PERSONAL NAME | |
| Personal name | Labbe, Pablo, |
| Relator term | autor |
| 245 10 - TITLE STATEMENT | |
| Title | Qlik sense cookbook : |
| Remainder of title | over 80 recipes on data analytics to solve business intelligence challenges / |
| Statement of responsibility, etc. | Pablo Labbe, Philip Hand, Neeraj Kharpate |
| 250 ## - EDITION STATEMENT | |
| Edition statement | Second edition / |
| Remainder of edition statement | august |
| 264 #1 - PRODUCTION, PUBLICATION, DISTRIBUTION, MANUFACTURE, AND COPYRIGHT NOTICE | |
| Place of production, publication, distribution, manufacture | Birmingham, UK : |
| Name of producer, publisher, distributor, manufacturer | Packt Publishing, |
| Date of production, publication, distribution, manufacture, or copyright notice | ©2018 |
| 300 ## - PHYSICAL DESCRIPTION | |
| Extent | xii, 314 páginas : |
| Other physical details | ilustraciones, gráficas ; |
| Dimensions | 24 cm |
| 336 ## - CONTENT TYPE | |
| Fuente | rdacontent |
| Content type term | texto |
| Content type code | txt |
| 337 ## - MEDIA TYPE | |
| Source | rdamedia |
| Media type term | sin medio |
| Media type code | n |
| 338 ## - CARRIER TYPE | |
| Source | rdacarrier |
| Carrier type term | volumen |
| Carrier type code | nc |
| 650 #7 - SUBJECT ADDED ENTRY--TOPICAL TERM | |
| Topical term or geographic name entry element | Sistemas de Información Gerencial |
| Source of heading or term | armarc |
| 650 #7 - SUBJECT ADDED ENTRY--TOPICAL TERM | |
| Topical term or geographic name entry element | Inteligencia empresarial: programas de computadora |
| Source of heading or term | armarc |
| 700 1# - ADDED ENTRY--PERSONAL NAME | |
| Personal name | Hand, Philip, |
| Relator term | autor |
| 700 1# - ADDED ENTRY--PERSONAL NAME | |
| Personal name | Kharpate, Neeraj, |
| Relator term | autor |
| 942 ## - ADDED ENTRY ELEMENTS (KOHA) | |
| Source of classification or shelving scheme | Dewey Decimal Classification |
| Koha item type | Libro |
| Item part | L112 |
| Classification part | 005.54 |
| Withdrawn status | Lost status | Source of classification or shelving scheme | Damaged status | Not for loan | Collection code | Home library | Current library | Shelving location | Date acquired | Source of acquisition | Total Checkouts | Total Renewals | Full call number | Barcode | Date last seen | Date last checked out | Price effective from | Koha item type | Cost, normal purchase price | Copy number | Cost, replacement price |
|---|---|---|---|---|---|---|---|---|---|---|---|---|---|---|---|---|---|---|---|---|---|
| Dewey Decimal Classification | Consulta en sala | Magisterial | Biblioteca Karol Wojtyla | Biblioteca Karol Wojtyla | Sala general | 18/06/2021 | Compra | 1 | 1 | 005.54 L112 2018 | 61374 | 05/01/2026 | 30/06/2021 | 03/12/2013 | Magisterial | ||||||
| Dewey Decimal Classification | General | Biblioteca Karol Wojtyla | Biblioteca Karol Wojtyla | Sala general | 08/12/2022 | 2 | 005.54 L112 2018 | 102522 | 05/01/2026 | 08/12/2022 | Libro | 988.43 | Ej.2 | 988.43 |